Személyzeti tanácsadás, mint speciális szolgáltatás és a benne rejlő stressz - Munkahelyi stressz vizsgálata toborzási tanácsadók körében

Bibliographic Details
Main Author: Szabó Péter
Other Authors: Somogyi Dr. Aliz
Format: Thesis
Kulcsszavak:stressz
szolgáltatás
tanácsadó
Online Access:http://dolgozattar.uni-bge.hu/11593

MARC

LEADER 00000nta a2200000 i 4500
001 dolg11593
005 20170516113136.0
008 170516suuuu hu om 000 hun d
040 |a BGE Dolgozattár Repozitórium  |b hun 
041 |a hu 
100 1 |a Szabó Péter 
245 1 0 |a Személyzeti tanácsadás, mint speciális szolgáltatás és a benne rejlő stressz - Munkahelyi stressz vizsgálata toborzási tanácsadók körében  |c Szabó Péter  |h [elektronikus dokumentum] 
695 |a stressz 
695 |a szolgáltatás 
695 |a tanácsadó 
700 1 |a Somogyi Dr. Aliz  |e ths 
856 4 0 |u http://dolgozattar.uni-bge.hu/11593/1/Szab%C3%B3%20P%C3%A9ter%20-%20Szakdolgozat.pdf  |z Dokumentum-elérés 
856 4 0 |u http://dolgozattar.uni-bge.hu/11593/2/Szab%C3%B3%20P%C3%A9ter%20-%20Titkos%C3%ADt%C3%A1s.pdf  |z Dokumentum-elérés 
856 4 0 |u http://dolgozattar.uni-bge.hu/11593/3/REPO.pdf  |z Dokumentum-elérés